Estación coghlan y otros cuentos /

Guardado en:
Autor Principal: Giardinelli, Mempo
Formato: Libro
Publicado: Buenos Aires : Ediciones B Argentina, 2005
Series:Ficcionario
Materias:
Etiquetas: Agregar Etiqueta
Sin Etiquetas, Sea el primero en etiquetar este registro!
LEADER 01032nam a22002295a 4500
001 CEM.cems012228
005 20060904162250.0
008 130507s2005##################000#0#####d
003 CEMS
020 |a 9871222068 
082 0 4 |a A863.4 
100 1 |a Giardinelli, Mempo 
245 1 0 |a Estación coghlan y otros cuentos /  |c Mempo Giardinelli 
260 |a Buenos Aires :  |b Ediciones B Argentina,  |c 2005 
300 |a 222 p. 
490 0 |a Ficcionario 
505 0 |a Estación Coghlan -- El libro perdido de Borges -- Desembarco en la memoria -- Ocho hermanos -- La triste historia de las gemelas Popoff -- Sentimental Journey -- Naturaleza muerta con odio -- Un barco anclado en el puerto de Buenos Aires -- Ese tal Rogelio Budman -- Kilómetro 11 -- Meheres come moras, esperando -- Tito Nunca más -- Martita on my mind -- La otra forma de la espada 
653 |a Literatura 
653 |a Literatura argentina siglo 20 
653 |a Cuentos 
653 |a Cuentos argentinos 
859 |a CEMS  |b BIB. CEMS - 11 de abril  |h A863.4  |i G349-2  |p 23463.06  |t Ej.1